Indexing authenticity : sociolinguistic perspectives
Saved in:
| Other Authors: | , , |
|---|---|
| Format: | Book |
| Language: | English |
| Published: |
Berlin :
De Gruyter,
[2014]
|
| Series: | Linguae & litterae
|
| Subjects: | |
| Tags: |
Add Tag
No Tags, Be the first to tag this record!
|
MARC
| LEADER | 00000cam a2200000 a 4500 | ||
|---|---|---|---|
| 001 | 1/116298 | ||
| 008 | 180423s2014####gw | ||| |||| ||eng|| | ||
| 020 | |a 9783110343472 | ||
| 040 | |a GR-MyUa |b gre |c GR-MyUa |e AACR2 | ||
| 041 | 1 | |a eng | |
| 082 | 7 | |a 306.44 |2 (23) | |
| 245 | 0 | 0 | |a Indexing authenticity : |b sociolinguistic perspectives / |c edited by Véronique Lacoste, Jakob Leimgruber, Thiemo Breyer. |
| 260 | |a Berlin : |b De Gruyter, |c [2014] | ||
| 300 | |a vi, 368 σ. ; |c 24 εκ. | ||
| 490 | 1 | |a (Linguae & litterae ; |v 39) | |
| 504 | |a Περιλαμβάνει βιβλιογραφία και ευρετήριο. | ||
| 505 | 8 | |a Authenticity : a view from inside and outside sociolinguistics / Véronique Lacoste, Jakob Leimgruber and Thiemo Breyer -- Language, society and authenticity : themes and perspectives / Nikolas Coupland -- The trouble with authenticity / Penelope Eckert -- Chinese social practice and San Franciscan authenticity / Lauren Hall-Lew -- Being more alternative and less Brit-pop : the quest for originality in three urban styles in Athens / Lefteris Kailoglou -- "100% authentic Pittsburgh" : sociolinguistic authenticity and the linguistics of particularity / Barbara Johnstone -- 'Oh boy, ¿hablas español?' - Salsa and the multiple value of authenticity in late capitalism / Britta Schneider -- The commodification of authenticity / Monica Heller -- The race from place : dialect eradication vs. the linguistic "authenticity" of terroir / Michael Silverstein -- Reported speech as an authentication tactic in computer-mediated communication / Graham M. Jones -- Authenticity in dialect performance? A case study of "cyber-Jamaican" / Andrea Moll -- From vernacular to digital ethnolinguistic repertoire : the case of Nigerian Pidgin / Theresa Heyd and Christian Mair -- Hybridity as authenticity in Nigerian hip-hop lyrics / Akinmade T. Akande -- Authentic writing / Florian Coulmas -- Lexical variation at the internationalized university : are indexicality and authenticity always relevant? / Anna Kristina Hultgren -- "Real communities", rhetorical borders : authenticating British identity in political discourse and on-line debate / Martin Gill -- What's in a promesse authentique? Doubting and confirming authenticity in 17th-century French diplomacy / Johanna Sprondel and Tilman Haug. | |
| 650 | 0 | |a Sociolinguistics | |
| 650 | 0 | |a Authenticity (Philosophy) | |
| 700 | 1 | |a Lacoste, Véronique, |e edtf | |
| 700 | 1 | |a Leimgruber, Jakob R. E. |e edt | |
| 700 | 1 | |a Breyer, Thiemo, |e edt | |
| 830 | 0 | |a Linguae & litterae | |
| 852 | |a INST |b LESVOS |e 20180423 |h 306.44 IND |p 005100060158 |q 005100060158 |t BK |y 0 | ||
| 970 | |a Τζαφέρη |b Ευαγγελία |z 23-04-2018 | ||